|
|
|
|
| LEADER |
00000nam0a2200000 4500 |
| 001 |
679785 |
| 005 |
20250421133404.0 |
| 090 |
|
|
|a 679785
|
| 100 |
|
|
|a 20250421d1979 km|y0rusy50 ca
|
| 101 |
1 |
|
|a eng
|c rus
|
| 102 |
|
|
|a RU
|
| 105 |
|
|
|a a g 001yy
|
| 181 |
|
0 |
|a i
|b e
|
| 182 |
|
0 |
|a n
|
| 183 |
|
0 |
|a nc
|2 RDAcarrier
|
| 200 |
1 |
|
|a Основы конструирования. Т. 1
|d Fundamentals of machine design. Vol. 1
|e [справочник]
|e пер. с рус.
|f П. И. Орлов
|z eng
|
| 203 |
|
|
|a Текст
|b визуальный
|c непосредственный
|
| 210 |
|
|
|a Москва
|c Мир
|d 1979
|
| 215 |
|
|
|a 517 с.
|c ил.
|
| 283 |
|
|
|a volume
|2 RDAcarrier
|
| 300 |
|
|
|a На английском языке
|
| 320 |
|
|
|a Указатель: с. 516-517
|
| 606 |
|
|
|a Машиностроение
|x Конструирование
|9 61229
|
| 610 |
1 |
|
|a справочные издания
|
| 610 |
1 |
|
|a методические пособия
|
| 610 |
1 |
|
|a принципы
|
| 610 |
1 |
|
|a методика
|
| 610 |
1 |
|
|a конструкции
|
| 610 |
1 |
|
|a масса
|
| 610 |
1 |
|
|a металлоемкость
|
| 610 |
1 |
|
|a жесткость
|
| 610 |
1 |
|
|a циклическая прочность
|
| 610 |
1 |
|
|a контактная прочность
|
| 610 |
1 |
|
|a тепловые взаимодействия
|
| 610 |
1 |
|
|a прессовые соединения
|
| 610 |
1 |
|
|a центрирующие соединения
|
| 610 |
1 |
|
|a резьбовые соединения
|
| 610 |
1 |
|
|a фланцевые соединения
|
| 610 |
1 |
|
|a узлы
|
| 610 |
1 |
|
|a детали
|
| 610 |
1 |
|
|a английский язык
|
| 675 |
|
|
|a 621.001.66(035)
|v 3
|
| 700 |
|
1 |
|a Орлов
|b П. И.
|g Павел Иванович
|
| 801 |
|
0 |
|a RU
|b 63413507
|c 20250421
|g PSBO
|
| 830 |
|
|
|a Ретро2025Каталогизация
|
| 850 |
|
|
|a 63413507
|
| 942 |
|
|
|c BK
|